Diagnóstico y plan de desarrollo vecinal de los barrios populares del noroccidente de Quito
Na minha lista:
| Autor Corporativo: | |
|---|---|
| Formato: | Texto |
| Publicado em: |
Quito:
CI
|
| Tags: |
Adicionar Tag
Sem tags, seja o primeiro a adicionar uma tag!
|
MARC
| LEADER | 00000 a a2200000 04500 | ||
|---|---|---|---|
| 001 | 24679 | ||
| 003 | |||
| 040 | |||
| 090 | |a 177500 | ||
| 110 | |a Centro de Investigaciones | ||
| 245 | |a Diagnóstico y plan de desarrollo vecinal de los barrios populares del noroccidente de Quito | ||
| 260 | |a Quito: |b CI | ||
| 300 | |a 108 p; n. 3 |b **no definido** | ||
| 999 | |c 3225 |d 3225 | ||
